BIBLIOTECA

SENCICO

Geografía del Perú : Las Ocho Regiones Naturales del Perú (Registro nro. 2642)

Detalles MARC
000 -LEADER
fixed length control field 00426nam a2200181Ia 4500
005 - DATE AND TIME OF LATEST TRANSACTION
control field 20251020182548.0
008 - FIXED-LENGTH DATA ELEMENTS--GENERAL INFORMATION
fixed length control field 200515s9999 xx 000 0 und d
082 ## - DEWEY DECIMAL CLASSIFICATION NUMBER
Classification number 918.5/P95
100 ## - MAIN ENTRY--PERSONAL NAME
Personal name PULGAR VIDAL, Javier
245 #0 - TITLE STATEMENT
Title Geografía del Perú : Las Ocho Regiones Naturales del Perú
250 ## - EDITION STATEMENT
Edition statement 7a ed.
260 ## - PUBLICATION, DISTRIBUTION, ETC.
Place of publication, distribution, etc. Lima
260 ## - PUBLICATION, DISTRIBUTION, ETC.
Date of publication, distribution, etc. s.a.
300 ## - PHYSICAL DESCRIPTION
Extent 256
650 ## - SUBJECT ADDED ENTRY--TOPICAL TERM
Topical term or geographic name entry element GEOGRAFIA
650 ## - SUBJECT ADDED ENTRY--TOPICAL TERM
Topical term or geographic name entry element LIB
942 ## - ADDED ENTRY ELEMENTS (KOHA)
Koha item type Libros
Existencias
Fecha de la última vez que lo usaron Pago total Signatura topográfica completa Código de barras Precio efectivo desde Tipo de documento Estado perdido Estado dañado No es para préstamo Retirado Ubicación permanente Ubicación actual Fecha de adquisición
15/05/2020   918.5/P95 Bib-Lima15052642 15/05/2020 Libros         Biblioteca Central Lima Biblioteca Central Lima 15/05/2020